[Event "28th WSCC2018 - Open 50+"]
[Site "Bled"]
[Date "2018.11.19"]
[Round "2.35"]
[White "Lopez Pereyra, Antonio"]
[Black "Zillner, Wilhelm"]
[Result "1-0"]
[WhiteElo "2066"]
[BlackElo "1902"]
[PlyCount "67"]
[EventDate "2018.11.18"]

1. e4 c5 2. Nf3 Nc6 3. d4 cxd4 4. Nxd4 Nf6 5. Nc3 e5 6. Ndb5 d6 7. Bg5 a6 8.
Na3 b5 9. Bxf6 gxf6 10. Nd5 f5 11. exf5 Bxf5 12. c3 Bg7 13. Nc2 O-O 14. Nce3
Be6 15. Bd3 f5 16. Bc2 Qg5 17. Nc7 Rae8 18. Nxe6 Rxe6 19. Bb3 Rfe8 20. Bxe6+
Rxe6 21. Qd5 Nd8 22. h4 Qh5 23. g4 fxg4 24. O-O-O Kh8 25. Qa8 Re8 26. Rxd6 Ne6
27. Qe4 Nf4 28. Kb1 a5 29. Rhd1 Qxh4 30. Nf5 Qg5 31. Nxg7 Kxg7 32. Rd7+ Re7 33.
Rxe7+ Qxe7 34. Qf5 1-0

[Event "28th WSCC2018 - Open 50+"]
[Site "Bled"]
[Date "2018.11.19"]
[Round "2.36"]
[White "Cesar, Geovanny"]
[Black "Cetinkaya, Vedat Ali"]
[Result "0-1"]
[WhiteElo "1862"]
[BlackElo "2056"]
[PlyCount "66"]
[EventDate "2018.11.18"]

1. d4 d5 2. c4 e6 3. a3 Nf6 4. Nc3 c6 5. Bg5 Nbd7 6. c5 e5 7. e3 Be7 8. Nf3 e4
9. Nd2 Nf8 10. Be2 Ne6 11. Bh4 O-O 12. b4 Nd7 13. Bg3 f5 14. Qb3 Kh8 15. f4
exf3 16. Nxf3 f4 17. Bf2 fxe3 18. Bxe3 Bh4+ 19. g3 Rxf3 20. Bxf3 Bg5 21. Ne2
Nf6 22. O-O Qe7 23. Rae1 Nxc5 24. dxc5 Bxe3+ 25. Kh1 Bh3 26. Bg2 Bxg2+ 27. Kxg2
Qe4+ 28. Kh3 Bd2 29. Qd1 Bxe1 30. Rxe1 Re8 31. Qd2 h6 32. Qf4 Qxf4 33. gxf4 d4
0-1

[Event "28th WSCC2018 - Open 50+"]
[Site "Bled"]
[Date "2018.11.19"]
[Round "2.37"]
[White "Smith, Peter R"]
[Black "Marcos Herrero, Francisco"]
[Result "1-0"]
[WhiteElo "2049"]
[BlackElo "1889"]
[Annotator "Skuhala,Jernej"]
[PlyCount "109"]
[EventDate "2018.11.18"]

1. c4 c5 2. Nc3 Nc6 3. e4 g6 4. Nge2 Bg7 5. g3 Nf6 6. Bg2 O-O 7. O-O d6 8. d3
Ne8 9. Bg5 Nc7 10. Qd2 Ne6 11. Bh6 Ned4 12. Bxg7 Kxg7 13. f4 e6 14. Nxd4 Nxd4
15. Ne2 Qf6 16. Rae1 Nxe2+ 17. Rxe2 Qd4+ 18. Qe3 Qxe3+ 19. Rxe3 e5 20. h4 Rb8
21. f5 f6 22. fxg6 hxg6 23. Bf3 b5 24. Rf2 Be6 25. b3 b4 26. g4 a5 27. Bd1 Ra8
28. a4 bxa3 29. Ra2 a4 30. bxa4 Rfb8 31. Re1 Rb1 32. Kf1 Rb2 33. Rxa3 Rh2 34.
a5 Rxh4 35. a6 Bd7 36. a7 Bc6 37. Bf3 Rd8 38. Rb1 Rhh8 39. Rb6 Ba8 40. Raa6 Kh6
41. Rxd6 Rxd6 42. Rxd6 Kg5 43. Rd7 f5 44. gxf5 gxf5 45. Rf7 fxe4 46. Bxe4 Bxe4
47. dxe4 Ra8 48. Ke2 Kg6 49. Rc7 Kf6 50. Kd3 Ke6 51. Rc6+ Kd7 52. Rxc5 Rxa7 53.
Rxe5 Kd6 54. Rd5+ Ke6 55. Kd4 {(69)} 1-0

[Event "28th WSCC2018 - Open 50+"]
[Site "Bled"]
[Date "2018.11.19"]
[Round "2.38"]
[White "Vieira, Alexandre Letizio"]
[Black "Malinovsky, Petr"]
[Result "0-1"]
[WhiteElo "1810"]
[BlackElo "2048"]
[PlyCount "110"]
[EventDate "2018.11.18"]

1. d4 d5 2. Bf4 e6 3. c3 Bd6 4. Bg3 Ne7 5. Nd2 Nf5 6. e4 Nxg3 7. hxg3 dxe4 8.
Nxe4 Be7 9. Bd3 Nd7 10. Nf3 h6 11. Qe2 Nf6 12. Rd1 c6 13. O-O Qc7 14. Rfe1 b6
15. Nxf6+ Bxf6 16. Ne5 Bb7 17. Qh5 Bxe5 18. Qxe5 Qxe5 19. dxe5 O-O-O 20. Be4 c5
21. Bxb7+ Kxb7 22. Kf1 Kc6 23. f4 Rhe8 24. Kf2 b5 25. g4 a5 26. Kf3 a4 27. b3
a3 28. c4 bxc4 29. bxc4 Rd4 30. Rxd4 cxd4 31. Rb1 Kc5 32. Rb3 Ra8 33. Ke2 Kxc4
34. Kd2 Ra4 35. Kc2 Ra7 36. Kd2 Ra5 37. g3 Ra4 38. Kc2 Ra5 39. Kd2 Ra7 40. Rb6
Ra4 41. Rb3 f6 42. f5 fxe5 43. fxe6 Ra6 44. e7 Re6 45. Rxa3 Rxe7 46. Ra8 Rf7
47. Rc8+ Kd5 48. a4 Ra7 49. Kd3 Rxa4 50. Rd8+ Ke6 51. Re8+ Kf6 52. Rf8+ Ke7 53.
Rf5 Ra3+ 54. Kd2 Ke6 55. Rf8 Rxg3 0-1

[Event "28th WSCC2018 - Open 50+"]
[Site "Bled"]
[Date "2018.11.19"]
[Round "2.39"]
[White "Ring, Rudolf"]
[Black "Brongers, Henk"]
[Result "1/2-1/2"]
[WhiteElo "1745"]
[BlackElo "2016"]
[PlyCount "71"]
[EventDate "2018.11.18"]

1. e4 c6 2. Nc3 d5 3. exd5 cxd5 4. d4 Nf6 5. Bf4 a6 6. Nf3 Nc6 7. Ne5 Qb6 8.
Nxc6 Qxc6 9. Bd3 Bg4 10. f3 Bh5 11. Ne2 Bg6 12. b3 e6 13. O-O Rc8 14. c3 Bd6
15. Rc1 Nh5 16. Bg5 f6 17. Be3 Qc7 18. g3 Bxd3 19. Qxd3 b5 20. f4 f5 21. Rc2
Nf6 22. Rfc1 Ba3 23. Rb1 Be7 24. Bd2 h5 25. a4 Qc6 26. axb5 axb5 27. Ra1 Ne4
28. Be1 g5 29. Rca2 Kf7 30. Ra6 Qe8 31. Ra7 g4 32. Rb7 Nd6 33. Rba7 h4 34. R1a6
Kg6 35. Qe3 Bf8 36. Qe5 1/2-1/2

[Event "28th WSCC2018 - Open 50+"]
[Site "Bled"]
[Date "2018.11.19"]
[Round "2.40"]
[White "Povse, Martin"]
[Black "Galvan Sarmiento, Jose Luis"]
[Result "0-1"]
[WhiteElo "2014"]
[BlackElo "1868"]
[PlyCount "72"]
[EventDate "2018.11.18"]

1. e4 c5 2. Nf3 e6 3. Nc3 a6 4. a3 Nc6 5. d4 cxd4 6. Nxd4 Qc7 7. Be3 Nf6 8. Be2
Be7 9. f4 d6 10. Qd3 Nxd4 11. Qxd4 b5 12. Bf3 Bb7 13. g4 Nd7 14. g5 f6 15. O-O
Rc8 16. Rad1 Qc4 17. Bg4 Qxd4 18. Rxd4 Kf7 19. h4 Rc7 20. Rf2 Rhc8 21. h5 g6
22. Rh2 f5 23. hxg6+ hxg6 24. Rh7+ Ke8 25. exf5 exf5 26. Kf2 Nf8 27. Rxe7+ Kxe7
28. Bf3 Bxf3 29. Kxf3 Rxc3 30. bxc3 Rxc3 31. a4 Ne6 32. Rb4 d5 33. Ke2 Rxc2+
34. Kd3 Rc4 35. Bd2 Nc5+ 36. Ke2 Nxa4 0-1

[Event "28th WSCC2018 - Open 50+"]
[Site "Bled"]
[Date "2018.11.19"]
[Round "2.41"]
[White "Schmuki, Roman"]
[Black "Bulgarini Torre, Marco"]
[Result "1/2-1/2"]
[WhiteElo "2011"]
[BlackElo "1863"]
[Annotator "Skuhala,Jernej"]
[PlyCount "62"]
[EventDate "2018.11.18"]

1. e4 e6 2. d4 d5 3. exd5 exd5 4. c4 Bb4+ 5. Nc3 Nf6 6. Bd3 Bxc3+ 7. bxc3 O-O
8. Ne2 Re8 9. O-O Nbd7 10. cxd5 Nxd5 11. Bd2 c6 12. Qc2 Nf8 13. c4 Nf6 14. h3
Ne6 15. Be3 Qd6 16. Rfd1 Bd7 17. Rab1 b6 18. Nc3 h6 19. Ne4 Nxe4 20. Bxe4 Ng5
21. Bxg5 hxg5 22. Rb3 Rad8 23. Rg3 Qf4 24. Bh7+ Kh8 25. Rf3 Qh4 26. Bf5 f6 27.
Bxd7 Rxd7 28. d5 cxd5 29. cxd5 Qb4 30. Rc3 Qf4 31. g3 Qd6 {(60)} 1/2-1/2

[Event "28th WSCC2018 - Open 50+"]
[Site "Bled"]
[Date "2018.11.19"]
[Round "2.42"]
[White "De Meester, Johan"]
[Black "Theuer, Carsten"]
[Result "0-1"]
[WhiteElo "1720"]
[BlackElo "1989"]
[PlyCount "88"]
[EventDate "2018.11.18"]

1. e4 e6 2. Nf3 d5 3. exd5 exd5 4. d4 Bd6 5. Bd3 Ne7 6. Bg5 h6 7. Bh4 Be6 8.
Nbd2 Nbc6 9. c3 Qd7 10. Bg3 Bf5 11. Nf1 Bxd3 12. Qxd3 a6 13. Ne3 O-O 14. O-O f5
15. Bxd6 Qxd6 16. h3 Nd8 17. Rfe1 Ne6 18. c4 Nf4 19. Qb3 c6 20. c5 Qc7 21. Ne5
Rae8 22. Rad1 Neg6 23. Nxg6 Nxg6 24. Qc2 Qf7 25. b4 Qf6 26. a4 Re4 27. Qc3 Rfe8
28. f3 R4e6 29. Nc2 Nf4 30. Rxe6 Rxe6 31. Qd2 Qg5 32. h4 Qg3 33. Re1 Rxe1+ 34.
Nxe1 Qxh4 35. Qe3 Qg3 36. Kf1 Qg5 37. Qe5 Nh5 38. Qb8+ Kh7 39. Qe5 Qf6 40. Nd3
Qxe5 41. dxe5 f4 42. Ke2 Kg6 43. Nf2 Kf5 44. Ng4 Ng3+ 0-1

[Event "28th WSCC2018 - Open 50+"]
[Site "Bled"]
[Date "2018.11.19"]
[Round "2.43"]
[White "Spiess, Thomas"]
[Black "Schneider, Waldemar"]
[Result "1-0"]
[WhiteElo "1975"]
[BlackElo "1738"]
[PlyCount "91"]
[EventDate "2018.11.18"]

1. Nf3 d5 2. c4 e6 3. g3 Nf6 4. Bg2 Be7 5. O-O O-O 6. d4 Nc6 7. b3 a5 8. Nc3 h6
9. Nb5 Ne4 10. Bf4 Bd6 11. Be3 Be7 12. h4 Nb4 13. Nd2 Nxd2 14. Qxd2 c6 15. Na3
Na6 16. Nc2 a4 17. c5 Nc7 18. Rfb1 Nb5 19. bxa4 Rxa4 20. Rb4 Qa5 21. Rxa4 Qxa4
22. Qd3 Bf6 23. Qb3 Qa6 24. a4 Nc7 25. Bf4 Ne8 26. Bf1 Qa5 27. Qd3 g5 28. hxg5
hxg5 29. Bd2 Qa7 30. Bh3 Kg7 31. a5 Rh8 32. Bg4 Nc7 33. Kg2 e5 34. Bxc8 Rxc8
35. dxe5 Bxe5 36. Rh1 Ne6 37. Qh7+ Kf8 38. Qf5 Re8 39. Bxg5 Nxg5 40. Qxg5 Qxc5
41. Ne3 Qxa5 42. Nf5 Qc3 43. Rh7 Bf6 44. Qh5 Re7 45. Nxe7 Kxe7 46. Qxf7+ 1-0

[Event "28th WSCC2018 - Open 50+"]
[Site "Bled"]
[Date "2018.11.19"]
[Round "2.44"]
[White "Dabraccio, Guillermo"]
[Black "Hoffmann, Michael"]
[Result "0-1"]
[WhiteElo "1686"]
[BlackElo "1970"]
[PlyCount "74"]
[EventDate "2018.11.18"]

1. Nf3 Nf6 2. d4 d5 3. e3 e6 4. Bd3 Bd6 5. Nbd2 O-O 6. O-O c5 7. b3 Nc6 8. Bb2
b6 9. a3 Bb7 10. Ne5 Ne7 11. f3 Nf5 12. Qe1 cxd4 13. exd4 Be7 14. f4 Nd6 15.
Qe2 Nfe4 16. Nxe4 Nxe4 17. Ba6 Bxa6 18. Qxa6 Qc7 19. Qd3 f6 20. Ng4 h5 21. Ne3
Bd6 22. c4 Bxf4 23. Rxf4 Qxf4 24. Rf1 Qd6 25. cxd5 exd5 26. Rf5 g6 27. Rxd5 Qf4
28. Nd1 Rfe8 29. g3 Qg4 30. Bc1 Rac8 31. Be3 h4 32. Bf4 hxg3 33. hxg3 g5 34.
Nf2 Qe6 35. Rd6 Nxd6 36. Qg6+ Kf8 37. Bd2 Qf5 0-1

[Event "28th WSCC2018 - Open 50+"]
[Site "Bled"]
[Date "2018.11.19"]
[Round "2.45"]
[White "Bouton, Christophe"]
[Black "Buciu, Aurel-John"]
[Result "1/2-1/2"]
[WhiteElo "1963"]
[BlackElo "1687"]
[PlyCount "30"]
[EventDate "2018.11.18"]

1. d4 e6 2. c4 b6 3. Nf3 f5 4. g3 Bb7 5. Bg2 Be7 6. Nc3 Nf6 7. O-O Ne4 8. Bd2
O-O 9. Rc1 Nxc3 10. Bxc3 Be4 11. d5 Qe8 12. Ne5 Bxg2 13. Kxg2 Qh5 14. dxe6 dxe6
15. e3 Qh6 1/2-1/2

[Event "28th WSCC2018 - Open 50+"]
[Site "Bled"]
[Date "2018.11.19"]
[Round "2.46"]
[White "Warstad, Leif E"]
[Black "Davis, Lee"]
[Result "0-1"]
[WhiteElo "1544"]
[BlackElo "1948"]
[PlyCount "40"]
[EventDate "2018.11.18"]

1. d4 e6 2. Nf3 Nf6 3. c4 b6 4. Nc3 Bb4 5. Qc2 Bb7 6. Bg5 h6 7. Bh4 g5 8. Bg3
Ne4 9. a3 Bxc3+ 10. bxc3 d6 11. e3 Nd7 12. Bd3 f5 13. O-O Qe7 14. Rfd1 O-O-O
15. Be2 h5 16. h3 Nxg3 17. fxg3 g4 18. hxg4 hxg4 19. Nd2 Qg5 20. Qd3 Nf6 0-1

[Event "28th WSCC2018 - Open 50+"]
[Site "Bled"]
[Date "2018.11.19"]
[Round "2.47"]
[White "Zimmermann, Curt"]
[Black "De Winter, Gerard"]
[Result "1-0"]
[WhiteElo "1943"]
[BlackElo "1663"]
[PlyCount "89"]
[EventDate "2018.11.18"]

1. d4 Nf6 2. Bf4 d5 3. e3 c6 4. Nd2 Bf5 5. Bd3 e6 6. Ngf3 Be7 7. h3 Nbd7 8. O-O
Ne4 9. Re1 O-O 10. Ne5 Ndf6 11. f3 Nxd2 12. Qxd2 Bxd3 13. Nxd3 Nh5 14. Qf2 Bh4
15. g3 Bg5 16. Bxg5 Qxg5 17. Kh2 Qe7 18. e4 dxe4 19. fxe4 Nf6 20. Rad1 Rad8 21.
c3 Qc7 22. Qf3 Qa5 23. a3 Qc7 24. Kg2 Nd7 25. Qe3 b6 26. Qf4 Qxf4 27. gxf4 f6
28. Nb4 Rc8 29. d5 exd5 30. exd5 Nb8 31. dxc6 Nxc6 32. Nxc6 Rxc6 33. Rd7 f5 34.
Rxa7 Rg6+ 35. Kf3 Rd8 36. Rae7 Rd3+ 37. R1e3 Rd2 38. Re2 Rd3+ 39. R7e3 Rd1 40.
Re8+ Kf7 41. R2e7+ Kf6 42. Re6+ Kf7 43. R8e7+ Kf8 44. Rxg6 hxg6 45. Re6 1-0

[Event "28th WSCC2018 - Open 50+"]
[Site "Bled"]
[Date "2018.11.19"]
[Round "2.48"]
[White "Ruiz Bellon, Manuel"]
[Black "Fainman, Avi"]
[Result "1-0"]
[WhiteElo "1934"]
[BlackElo "1385"]
[PlyCount "119"]
[EventDate "2018.11.18"]

1. Nf3 d5 2. g3 Bf5 3. Bg2 c6 4. c4 e6 5. O-O Nd7 6. cxd5 exd5 7. d3 Bc5 8. Nc3
Ngf6 9. e4 dxe4 10. dxe4 Be6 11. Nd4 O-O 12. Nxe6 fxe6 13. Na4 e5 14. Nxc5 Nxc5
15. Qc2 Ne6 16. Qb3 Re8 17. Bh3 Qe7 18. f3 Kh8 19. Be3 b6 20. Qc3 Nd7 21. Qxc6
Rac8 22. Qxe6 Qxe6 23. Bxe6 Rxe6 24. Rac1 Rec6 25. Rxc6 Rxc6 26. Rc1 Rxc1+ 27.
Bxc1 Kg8 28. Kf2 Nc5 29. Ke3 Kf7 30. b3 Ke6 31. Ba3 Nd7 32. Kd3 b5 33. Bb4 a6
34. Kc3 Nb8 35. Bf8 Kf7 36. Bc5 Nc6 37. f4 exf4 38. gxf4 g6 39. Kd3 Ke6 40. Ke3
a5 41. Kf3 a4 42. bxa4 bxa4 43. Ke3 Nb8 44. Kd3 Na6 45. Ba3 Nc7 46. h4 Nb5 47.
Bb4 Kd7 48. Kc4 Kc6 49. Bf8 a3 50. Bc5 Nc7 51. Bxa3 Ne6 52. Bc1 Nc5 53. Kd4
Ne6+ 54. Ke5 Kd7 55. Ba3 h6 56. f5 gxf5 57. exf5 Nd8 58. Kf6 Ke8 59. Kg6 Nf7
60. Bc1 1-0

[Event "28th WSCC2018 - Open 50+"]
[Site "Bled"]
[Date "2018.11.19"]
[Round "2.49"]
[White "Shashidhar, B Rai"]
[Black "Bennett, Hilton"]
[Result "0-1"]
[WhiteElo "1332"]
[BlackElo "1929"]
[PlyCount "100"]
[EventDate "2018.11.18"]

1. e4 g6 2. d4 Bg7 3. c4 d6 4. Nc3 Nf6 5. h3 O-O 6. Nf3 Na6 7. Be2 e5 8. dxe5
dxe5 9. Qxd8 Rxd8 10. Be3 Re8 11. O-O-O c6 12. g4 b6 13. Nd2 Nc7 14. g5 Nd7 15.
Nb3 Ne6 16. Bg4 Ndf8 17. Rd6 Rd8 18. Rhd1 Ba6 19. c5 Bc4 20. Rxd8 Rxd8 21. Rxd8
Nxd8 22. cxb6 axb6 23. Bxb6 Bxb3 24. axb3 Nde6 25. b4 Nxg5 26. h4 Nge6 27. b5
cxb5 28. Nxb5 h5 29. Bxe6 Nxe6 30. f3 Bf6 31. Bf2 Nf4 32. Nc7 Nd3+ 33. Kd2 Nxf2
34. b4 Bxh4 35. b5 Bd8 36. b6 Nh3 37. Nd5 Bxb6 38. Nxb6 f6 39. Nd5 Kf7 40. Ke1
Nf4 41. Ne3 Kg7 42. Kf2 Kh6 43. Kg3 Kg5 44. Nf1 Ne2+ 45. Kf2 Nd4 46. Kg3 h4+
47. Kg2 Kf4 48. Nh2 f5 49. exf5 gxf5 50. Kf2 h3 0-1

[Event "28th WSCC2018 - Open 50+"]
[Site "Bled"]
[Date "2018.11.19"]
[Round "2.50"]
[White "Gilbert, Michael A"]
[Black "Muniraju, Narayanappa"]
[Result "1-0"]
[WhiteElo "1921"]
[BlackElo "1259"]
[PlyCount "95"]
[EventDate "2018.11.18"]

1. d4 e6 2. Nf3 Nf6 3. Bg5 Be7 4. Nbd2 c5 5. e3 Nc6 6. c3 Qb6 7. Nc4 Qd8 8.
Bxf6 gxf6 9. d5 exd5 10. Qxd5 d6 11. O-O-O Be6 12. Qh5 Qc7 13. Kb1 O-O-O 14.
Bd3 Rdg8 15. g3 Bg4 16. Bf5+ Bxf5+ 17. Qxf5+ Kb8 18. Qd5 b5 19. Na3 a6 20. Qxf7
Ne5 21. Qd5 Rc8 22. Nh4 Qd7 23. e4 Ng4 24. Rd2 Qc6 25. Qxc6 Rxc6 26. Nf5 Bf8
27. Nc2 Kc7 28. f4 Nh6 29. Nce3 Nxf5 30. Nxf5 Kd7 31. Rhd1 Ke6 32. Rd5 Be7 33.
Kc2 Rhc8 34. Ne3 a5 35. Rh5 Rh8 36. Rdd5 Kf7 37. Rh3 Bf8 38. Rdh5 h6 39. Nf5
Kg6 40. Rxh6+ Bxh6 41. Ne7+ Kf7 42. Nxc6 a4 43. Na7 b4 44. cxb4 cxb4 45. Nb5
Rc8+ 46. Kd2 Bf8 47. Rh7+ Ke6 48. Nd4# 1-0

[Event "28th WSCC2018 - Open 50+"]
[Site "Bled"]
[Date "2018.11.19"]
[Round "2.51"]
[White "Horackova, Isabela"]
[Black "Neubauer, Anton"]
[Result "0-1"]
[WhiteElo "1125"]
[BlackElo "1913"]
[Annotator "Skuhala,Jernej"]
[PlyCount "51"]
[EventDate "2018.11.18"]

1. d4 d5 2. Bf4 Nf6 3. e3 c5 4. c3 Qb6 5. b3 Bf5 6. Nf3 e6 7. Be2 h6 8. h3 Nc6
9. O-O Be7 10. Nbd2 O-O 11. Re1 Rfe8 12. Qc1 Rac8 13. a4 a6 14. Rb1 cxd4 15.
Rb2 dxc3 16. Qxc3 Bb4 17. Qc1 Ba3 18. Rd1 Nd4 19. Qa1 Bxb2 20. Qxb2 Nxe2+ 21.
Kh1 Nxf4 22. Qe5 Ng6 23. Qg3 Qc7 24. Nh4 Qxg3 25. fxg3 Nxh4 26. gxh4 {(35)} 0-1